The Evil Overlord List Quiz Stats

 Plays Quiz not verified by Sporcle

Challenge
Share
Tweet
Embed
Score 0/30 Timer 06:00
0 Plays Today
Thing to Do Missing Answer % Correct
________ is not too good for my enemies.Shooting
73.7%
I will not wear long, heavy ______. They have an annoying tendency to get caught in doors.Cloaks
62.9%
I will dress in bright and cheery colors, and so throw my enemies into _________.Confusion
62.4%
I will not struggle with the hero at the edge of a _____.Cliff
61.3%
Whatever my one _____________ is, I will fake a different one.Vulnerability
57.5%
My force-field generators will be located ______ the shield they generate.Inside
54.3%
When I capture the hero, I will also get his sickeningly cute animal capable of filching ____.Keys
51.1%
I will not construct ________ over vats of hazardous chemicals.Walkways
48.4%
My mythical guardians will ask name and purpose of visit instead of ancient _______.Riddles
46.8%
I will never pause during an escape to pose dramatically and toss off a ___-_____.One-Liner
45.2%
Potential recruits will have to be able to recognize the sound of a ______ thrown to distract them.Pebble
45.2%
I will never utter the line 'No, this cannot be! _ __ __________!'I Am Invincible
44.6%
Before employing any captured artifacts or machinery, I will carefully read the ______ ______.Owner's Manual
41.9%
I will not grow a ______.Goatee
40.9%
I will have all hay shipped in tightly-packed _____. Any wagonload of loose hay will be set on fire.Bales
38.7%
Thing to Do Missing Answer % Correct
My ___________ _____ will be too small to crawl through.Ventilation Ducts
36.6%
I will not have captives guarded by members of ___ ________ ___.The Opposite Sex
28%
I will not turn into a _____. It never helps.Snake
27.4%
I will not set myself up as a ___. That perilous position is reserved for my trusted lieutenant.God
26.3%
Despite its stress-relieving effect, I will not indulge in ________ ________.Maniacal Laughter
25.3%
My Legions of Terror will be trained in basic ____________.Marksmanship
24.7%
Outfits made entirely from _____ _______ will be reserved for formal occasions.Black Leather
22.6%
Prophetic crones will be given facelifts and Donna Karan wardrobes to destroy their ___________.Credibility
22%
To keep my subjects locked in a mindless trance, I will provide free unlimited ________ ______.Internet Access
20.4%
Once my power is secure, I will destroy all pesky ____-______ devices.Time-Travel
17.2%
All giant serpents will be fitted with ______ _______ to prevent eye injuries.Sports Goggles
17.2%
Before using any device which transfers energy into my body, I will install a _____ __________.Surge Suppressor
10.2%
When it is prophesied that no man can defeat me, I will keep in mind ___-___________ ______ _____.Non-Traditional Gender Roles
7.5%
I will add _________ ___ to the moat.Indelible Dye
7.5%
Before buying gargoyles, I will see if any ________ ____________ could use the extra budget.Military Expenditures
3.8%

You're not logged in!

Compare scores with friends on all Sporcle quizzes.
OR
Log In

You Might Also Like...

Show Comments

Extras

Created Apr 1, 2010SourceReportNominate
Tags:completed, evil, overlord, rule

Top Quizzes Today


Score Distribution

Your Account Isn't Verified!

In order to create a playlist on Sporcle, you need to verify the email address you used during registration. Go to your Sporcle Settings to finish the process.

Report this User

Report this user for behavior that violates our Community Guidelines.

Details: